ARRUPE JESUIT UNIVERSITY

CORONAVIRUS -STOP THE SPREAD - CLEAN,DISINFECT,COVER

In the mirror of the past : (Record no. 122892)

MARC details
000 -LEADER
fixed length control field 01004cam a2200289 a 4500
001 - CONTROL NUMBER
control field 597772
005 - DATE AND TIME OF LATEST TRANSACTION
control field 20150713145641.0
008 - FIXED-LENGTH DATA ELEMENTS--GENERAL INFORMATION
fixed length control field 910506s1992 nyu b 000 0 eng
010 ## - LIBRARY OF CONGRESS CONTROL NUMBER
LC control number 91018898
020 ## - INTERNATIONAL STANDARD BOOK NUMBER
International Standard Book Number 0714529370 :
Terms of availability $24.95 (£16.95 U.K.)
040 ## - CATALOGING SOURCE
Original cataloging agency DLC
Transcribing agency DLC
Modifying agency DLC
050 00 - LIBRARY OF CONGRESS CALL NUMBER
Classification number LB885.I44
Item number I5 1992
100 1# - MAIN ENTRY--PERSONAL NAME
Personal name Illich, Ivan,
Dates associated with a name 1926-2002.
9 (RLIN) 3524
245 10 - TITLE STATEMENT
Title In the mirror of the past :
Remainder of title lectures and addresses, 1978-1990 /
Statement of responsibility, etc Ivan Illich.
260 ## - PUBLICATION, DISTRIBUTION, ETC. (IMPRINT)
Place of publication, distribution, etc New York :
Name of publisher, distributor, etc M. Boyars,
Date of publication, distribution, etc 1992.
300 ## - PHYSICAL DESCRIPTION
Extent 231 p. ;
Dimensions 23 cm.
504 ## - BIBLIOGRAPHY, ETC. NOTE
Bibliography, etc Includes bibliographical references.
600 10 - SUBJECT ADDED ENTRY--PERSONAL NAME
Personal name Illich, Ivan,
Dates associated with a name 1926-2002.
9 (RLIN) 3524
650 #0 - SUBJECT ADDED ENTRY--TOPICAL TERM
Topical term or geographic name as entry element Education
General subdivision Philosophy.
9 (RLIN) 18020
650 #0 - SUBJECT ADDED ENTRY--TOPICAL TERM
Topical term or geographic name as entry element Social problems.
9 (RLIN) 6331
650 #0 - SUBJECT ADDED ENTRY--TOPICAL TERM
Topical term or geographic name as entry element Medicine
General subdivision Philosophy.
9 (RLIN) 17118
650 #0 - SUBJECT ADDED ENTRY--TOPICAL TERM
Topical term or geographic name as entry element Economics.
9 (RLIN) 18021
650 #0 - SUBJECT ADDED ENTRY--TOPICAL TERM
Topical term or geographic name as entry element Literacy.
9 (RLIN) 18022
906 ## - LOCAL DATA ELEMENT F, LDF (RLIN)
a 7
b cbc
c orignew
d 1
e ocip
f 19
g y-gencatlg
942 ## - ADDED ENTRY ELEMENTS (KOHA)
Source of classification or shelving scheme Library of Congress Classification
Item type Monograph ( Printed materials)
Holdings
Withdrawn status Lost status Source of classification or shelving scheme Damaged status Not for loan Collection code Home library Current library Shelving location Date acquired Total Checkouts Full call number Barcode Date last seen Price effective from Koha item type
    Library of Congress Classification     Main Collection ARRUPE LIBRARY ARRUPE LIBRARY Main Collection 13/07/2015   LB885.I44 I5 1992 46500004578 28/06/2018 13/07/2015 Monograph ( Printed materials)

 

Arrupe Library. PO Box MP320 Mt Pleasant, Harare, Zimbabwe
263 242 745411|librarian@aju.ac.zw